Rosco de Pasapalabra #76 - Estadísticas

Estadísticas generales
  • Esta prueba ha sido intentada 266 veces
  • La puntuación promedio es 12 de 25
Estadísticas de respuestas
Inicial Definición Respuesta % Correcto
A Salsa hecha de ajos machacados y aceite Alioli
86%
B Conjunto de instrumentos de percusión montados en un dispositivo único, que toca un solo ejecutante Batería
86%
Contiene la Ñ Dificultad para evacuar el contenido intestinal Estreñimiento
82%
J Interjección usada cuando alguien estornuda Jesús
82%
L En informática, enlace Link
82%
G Eliminación sistemática de un grupo humano por motivo de raza, etnia, religión, política o nacionalidad Genocidio
79%
I Calentar un ave los huevos, generalmente con su cuerpo, para que nazcan las crías Incubar
77%
D Renuncia, abandono de un empleo o de una comisión Dimisión
75%
S Apellido del escritor inglés, autor de la obra "Romeo y Julieta" Shakespeare
71%
C Tendencia inmoderada a adquirir, gastar o consumir bienes, no siempre necesarios Consumismo
67%
O Planta silvestre de hojas cubiertas de unos pelillos que al contacto con la piel producen un sarpullido y un picor intenso Ortiga
64%
Z Poner fin a desacuerdos o discordias Zanjar
52%
F En la antigua Roma, plaza donde se trataban los negocios públicos y se celebraban los juicios Foro
51%
Contiene la Q Establecimiento en que se venden vísceras y otras partes comestibles de la res que no se consideran carne Casquería
48%
T Comida de origen japonés preparada con verduras o pescados fritos, previamente rebozados en harina Tempura
41%
R Atasco de tráfico rodado Retención
37%
Contiene la Y Apócope de fraile Fray
36%
N Lugar de las montañas elevadas donde se conserva la nieve todo el año Nevero
24%
Contiene la X Penicilina sintética de amplio espectro que se toma por vía oral Amoxicilina
20%
P Situación futura en la vida de una persona o de una empresa Porvenir
16%
U Comportamiento en el trato social con el que se muestra amabilidad y educación Urbanidad
13%
E Ciudad de Turquía que fue fundada por el emperador Adriano en el año 125, con el nombre de Adrianópolis Edirne
3%
H Hueco que se hace en la pared del palomar para que aniden las palomas en él Hornilla
2%
V Hacer que alguien adquiera cierta costumbre Vezar
2%
M Renta que se arrendaba en los lugares, y consistía en el tributo que se pagaba por la medida del vino o de otra especie Mojona
1%
No se encontraron pruebas coincidentes
Distribución de puntuación
Porcentaje de gente con cada puntuación
Porcentaje por número respondido
Historial de tus puntuaciones
No has intentado esta prueba.